| 000 | 00527nam a2200181 a 4500 | ||
|---|---|---|---|
| 005 | 20140311163001.0 | ||
| 008 | 020821s19uu xx 00 eng d | ||
| 020 | _a9814040509 | ||
| 050 |
_aHD 30.28 _b.St7352 1998 |
||
| 245 |
_aStrategic synergy / _cedited by Andrew Campbell & Kathleen Sommers Luchs. |
||
| 260 |
_aLondon : _bInternational Thomson Business Press, _c1998. |
||
| 300 |
_a339 p. : _c25 cm. |
||
| 521 | _aBSBA | ||
| 650 | _aStrategic planning | ||
| 942 |
_cBK _2lcc _kFOR |
||
| 999 |
_c39206 _d39206 |
||